<?xml version="1.0" encoding="UTF-8"?>
<record
    xmlns:xsi="http://www.w3.org/2001/XMLSchema-instance"
    xsi:schemaLocation="http://www.loc.gov/MARC21/slim http://www.loc.gov/standards/marcxml/schema/MARC21slim.xsd"
    xmlns="http://www.loc.gov/MARC21/slim">

  <leader>01662    a2200241   4500</leader>
  <controlfield tag="001">59029</controlfield>
  <controlfield tag="005">20260407155845.0</controlfield>
  <controlfield tag="008">260407a1992    arg                 spa d</controlfield>
  <controlfield tag="003">AR-UNSa-BCEJYS</controlfield>
  <datafield tag="040" ind1=" " ind2=" ">
    <subfield code="a">AR-UNSa-BCEJYS</subfield>
    <subfield code="b">spa</subfield>
    <subfield code="c">AR-UNSa-BCEJYS</subfield>
  </datafield>
  <datafield tag="080" ind1=" " ind2=" ">
    <subfield code="a">658.11</subfield>
    <subfield code="x">Clases y formas de las empresas( peque&#xF1;as y medianas empresas...Pymes)</subfield>
  </datafield>
  <datafield tag="245" ind1="1" ind2="0">
    <subfield code="a">Iniciaci&#xF3;n y administraci&#xF3;n de peque&#xF1;os y medianos negocios</subfield>
  </datafield>
  <datafield tag="020" ind1=" " ind2=" ">
    <subfield code="a">958-600-093-1</subfield>
  </datafield>
  <datafield tag="250" ind1=" " ind2=" ">
    <subfield code="a">6a.ed.</subfield>
  </datafield>
  <datafield tag="264" ind1=" " ind2="1">
    <subfield code="a">Bogot&#xE1; :</subfield>
    <subfield code="b">McGraw-Hill</subfield>
    <subfield code="c">1992</subfield>
  </datafield>
  <datafield tag="300" ind1=" " ind2=" ">
    <subfield code="a">316 p.</subfield>
    <subfield code="c">23 cm.</subfield>
  </datafield>
  <datafield tag="505" ind1=" " ind2=" ">
    <subfield code="a">1. Entre al mundo de los negocios &#x2013; 2. La financiaci&#xF3;n de un negocio peque&#xF1;o &#x2013; 3. Compra de un negocio ya establecido &#x2013; 4. Decisi&#xF3;n sobre la ubicaci&#xF3;n de su negocio &#x2013; 5. Selecci&#xF3;n de un modelo para su empresa &#x2013; 6. Control a trav&#xE9;s de sistemas contables y de registro &#x2013; 7. Decisiones b&#xE1;sicas en la administraci&#xF3;n tributaria &#x2013; 8. Administraci&#xF3;n del almac&#xE9;n al detal &#x2013; 9. Indicadores de ganancia para el mayorista &#x2013; 10. Administraci&#xF3;n de una compa&#xF1;&#xED;a de servicios &#x2013; 11. Gu&#xED;a b&#xE1;sica para el funcionamiento de una operaci&#xF3;n de franquicia &#x2013; 12. Empresa de ventas por correo &#x2013; 13. Como manejar una f&#xE1;brica eficiente &#x2013; 14. Contrataci&#xF3;n y administraci&#xF3;n de personal &#x2013; 15. Manejo del fraude, robo y hurto &#x2013; 16. Administraci&#xF3;n y eficiencia &#x2013; 17. El computador en las microempresas &#x2013; 18. Venta del producto &#x2013; 19. Extensi&#xF3;n del cr&#xE9;dito a sus clientes &#x2013; 20. Planeaci&#xF3;n del seguro</subfield>
  </datafield>
  <datafield tag="942" ind1=" " ind2=" ">
    <subfield code="c">BK</subfield>
  </datafield>
  <datafield tag="590" ind1=" " ind2=" ">
    <subfield code="a">niveau_biblio:m niveau_hierar:0</subfield>
  </datafield>
  <datafield tag="100" ind1="1" ind2=" ">
    <subfield code="a">J.K. Lasser Tax Institute</subfield>
  </datafield>
  <datafield tag="700" ind1="1" ind2=" ">
    <subfield code="a">Agray Vargas, Nancy</subfield>
  </datafield>
  <datafield tag="700" ind1="1" ind2=" ">
    <subfield code="a">Narvaez Rojo, Alberto</subfield>
  </datafield>
  <datafield tag="999" ind1=" " ind2=" ">
    <subfield code="c">6582</subfield>
    <subfield code="d">6582</subfield>
  </datafield>
  <datafield tag="952" ind1=" " ind2=" ">
    <subfield code="0">0</subfield>
    <subfield code="1">0</subfield>
    <subfield code="4">0</subfield>
    <subfield code="7">0</subfield>
    <subfield code="a">BCEJYS</subfield>
    <subfield code="b">BCEJYS</subfield>
    <subfield code="c">16</subfield>
    <subfield code="d">2026-04-07</subfield>
    <subfield code="l">0</subfield>
    <subfield code="o">658.11 L347</subfield>
    <subfield code="p">L58658</subfield>
    <subfield code="r">2026-04-07 15:58:45</subfield>
    <subfield code="w">2026-04-07</subfield>
    <subfield code="y">L</subfield>
  </datafield>
</record>
